000 00747cab a2200253 4500
001 ABS55311
008 090401t1996 xxu||||| |||| 00| 0 eng d
035 _a(Sirsi) u15661
041 _aeng
245 _aFocus `96: Merseyside
260 _c1996
350 _a0
490 _aEstates Gazette
_v(9525) 22 June 1996, 105-114(7)
650 _aINDUSTRIAL MARKET
650 _aLEISURE MARKET
650 _aLIVERPOOL
650 _aMERSEYSIDE
650 _aPROPERTY-COMMERCIAL PROPERTY-OFFICE PROPERTY-OFFICE PROPERTY MARKET
650 _aPROPERTY-COMMERCIAL PROPERTY-RETAIL PROPERTY-RETAIL PROPERTY MARKET
650 _aSPEKE
690 _aPROPERTY-COMMERCIAL PROPERTY-COMMERCIAL PROPERTY MARKET
942 _n0
948 _c04/03/1997
999 _c10297
_d10297